'Mental' Words Quiz Stats

 Plays Quiz Updated Jul 9, 2018

Also try: Ends in 'GO'
Challenge
Share
Tweet
Embed
Score 0/28 Timer 03:00
5 Plays Today
% Correct
tale
82.6%
late
81.8%
lame
81.2%
tame
78.5%
mean
76.2%
teal
75.6%
team
74.9%
meal
74.2%
meat
72%
lent
69.7%
mate
68.1%
lean
67.8%
male
67%
lane
61.2%
% Correct
name
61%
mane
60.7%
neat
55.6%
amen
50.7%
malt
49.2%
melt
40.6%
ante
31.2%
meta
25.8%
alme
16.1%
tela
13.8%
elan
10%
nema
8.5%
tael
5.6%
etna
2.6%

You're not logged in!

Compare scores with friends on all Sporcle quizzes.
OR
Log In

You Might Also Like...

Show Comments

Extras

Top Quizzes Today


Score Distribution

Your Account Isn't Verified!

In order to create a playlist on Sporcle, you need to verify the email address you used during registration. Go to your Sporcle Settings to finish the process.

Report this User

Report this user for behavior that violates our Community Guidelines.

Details: